Arrondissements des Hauts-de-France - Statistiques

Statistiques générales
  • Ce quiz a été pris 19 fois
  • Le résultat moyen est 16 sur 26
Réponses sur la Carte
Les réponses sont colorées sur une échelle allant du rouge au vert en fonction du pourcentage des utilisateurs qui les ont devinées à leur premier essai. Vous pouvez retrouver ces pourcentages ci-dessous.
 
Statistiques - réponses
Département Code d'arrondissement Nom d'arrondissement % Correct
62 626 Calais
100%
59 594 Dunkerque
100%
59 595 Lille
100%
80 802 Amiens
94%
02 022 Laon
94%
02 023 Saint-Quentin
94%
62 621 Arras
88%
60 601 Beauvais
88%
62 623 Boulogne-sur-Mer
88%
59 596 Valenciennes
82%
80 801 Abbeville
76%
62 627 Lens
76%
62 622 Béthune
71%
59 593 Douai
71%
02 024 Soissons
65%
59 592 Cambrai
59%
62 625 Saint-Omer
59%
02 021 Château-Thierry
47%
60 602 Clermont
35%
80 804 Péronne
35%
60 604 Senlis
35%
59 591 Avesnes-sur-Helpe
24%
62 624 Montreuil
24%
02 025 Vervins
18%
80 803 Montdidier
12%
60 603 Campiègne
0%
Aucun quiz correspondant
Distribution des résultats
% des personnes avec chaque résultat
Percentile par nombre de réponses
Votre historique - résultats
Vous n’avez pas pris ce quiz